Central Library OPAC University of Rajshahi

Deserts of the world : (Record no. 10932)

MARC details
000 -LEADER
fixed length control field 01407cam a22003012 4500
001 - CONTROL NUMBER
control field 10932
003 - CONTROL NUMBER IDENTIFIER
rucl marc code BD-RjUL
005 - DATE AND TIME OF LATEST TRANSACTION
control field 20211208235037.0
008 - FIXED-LENGTH DATA ELEMENTS--GENERAL INFORMATION
fixed length control field 140125t1968 azuab b 001 0 eng
035 ## - SYSTEM CONTROL NUMBER
System control number BD-RjUL)10981
040 ## - CATALOGING SOURCE
Original cataloging agency DLC
Transcribing agency DLC
Modifying agency EQO
-- BD-RjUL
Language of cataloging eng
041 ## - LANGUAGE CODE
Language code of text/sound track or separate title eng
082 00 - DEWEY DECIMAL CLASSIFICATION NUMBER
Classification number 910.0254
Edition number 16
Author mark and year DES 1968
245 00 - TITLE STATEMENT
Title Deserts of the world :
Remainder of title an appraisal of research into their physical and biological environments /
Statement of responsibility, etc. Edited by William G. McGinnies, Bram J. Goldman [and] Patricia Paylore.
260 ## - PUBLICATION, DISTRIBUTION, ETC. (IMPRINT)
Place of publication, distribution, etc. Tucson :
Name of publisher, distributor, etc. University of Arizona Press,
Date of publication, distribution, etc. c1968
300 ## - PHYSICAL DESCRIPTION
Pagination xxviii, 788 p. :
Illustrations illus., col. maps. ;
Size 29 cm.
500 ## - GENERAL NOTE
General note A revision of material originally prepared as the result of the project, "An inventory of geographical research on desert environment," which the Office of Arid Lands Studies, University of Arizona, undertook in 1964 with the assistance of a contract from the U.S. Army Research Office.
504 ## - BIBLIOGRAPHY, ETC. NOTE
Bibliography, etc Includes bibliographical reference and index.
650 #0 - SUBJECT ADDED ENTRY--TOPICAL TERM
Topical term or geographic name as entry element Deserts
General subdivision Research.
9 (RLIN) 33781
700 1# - ADDED ENTRY--PERSONAL NAME
Personal name McGinnies, William Grovenor,
Dates associated with a name 1899-1990.
Personal name Goldman, Bram J.
Personal name Paylore, Patricia.
710 2# - ADDED ENTRY--CORPORATE NAME
Corporate name or jurisdiction name as entry element University of Arizona.
Subordinate unit Office of Arid Lands Studies.
9 (RLIN) 33785
Corporate name or jurisdiction name as entry element United States.
Subordinate unit Army Research Office, Tucson, Ariz.
9 (RLIN) 33786
942 ## - ADDED ENTRY ELEMENTS (KOHA)
Source of classification or shelving scheme Dewey Decimal Classification
Koha item type Books
Holdings
Lost status Source of classification or shelving scheme Damaged status Not for loan Collection code Permanent Location Current Location Shelving location Date acquired Source of acquisition Cost, normal purchase price Total Checkouts Full call number Date last seen Copy number Koha item type
  Dewey Decimal Classification   Not For Loan Non-fiction Central Library, University of Rajshahi Central Library, University of Rajshahi Reading Room 12/11/1970 Zeitlinger 142.00   910.0254 DES 1968 25/01/2014 C-1 Books